000 00387nam a2200145Ia 4500
005 20250729165722.0
008 250729s2011 xx 000 0 und d
041 _aeng
082 _a372.25 SAFC
100 _aR. N .Safaya
_9231305
245 _aCurrent Problems in Indian Education
260 _aNewdelhi
_bDanpat Rai Publication
_c2011
300 _a355p
650 _aEducation
_9231306
999 _c239215
_d239215